1767 1434 1181 1116 1122 1199 1388 1140 1650 1958 1060 1983 1080 1036 1925 1103 1855 1234 1622 1646 1156 1129 1994 1685 1573 1586 1348 1662 1607 1199 1564 1222 1841 1455 1807 1206 1947 1508 1606 1583 1836 1812 1737 1613 1171 1875 1115 1154 1553 1418 1711 1323 1961 1598 1023 1745 1350 1042 1029 1431 1468 1937 1402 1539 1701 1314 1581 1069 1468 1107 1849 1350 1407 1286 1048 1638 1022 1098 1665 1379 1594 1777 1330 1716 1513 1288 1675 1560 1031 1519 1563 1595 1731 1009 1330 1762 1080 1098 1384 BCNSPRNW ULIB Ver.6.0+V

เปลี่ยนเป็นภาษาไทย

Change to English
 แสดงรายละเอียดบรรณานุกรม
  กลับหน้าหลัก

Brief Record : Get Marc (ISO 2709) : E-mail record : QR code < ปิดหน้าต่าง
LEADER : 00000nam 2200000uu 4500
001    13399121358
003     ULIB
008    110627s2549||||th 000 0 tha d
099    วจ.WQ150^bร146ค
100 0  รพีพรรณ วิบูลย์วัฒนกิจ
245 00 ความสัมพันธ์ระหว่างเจตคติต่อการตั้งครรภ์และแบบแผนการดำเนินชีวิตในระยะตั้งครรภ์ของหญิงตั้งครรภ์วัยรุ่น /^cรพีพรรณ วิบูลย์วัฒนกิจ,สุดกัญญา ปานเจริญ,ยุพา ทิพย์อลงกต
260    นครสวรรค์ :^bวิทยาลัยพยาบาลบรมราชชนนี สวรรค์ประชารักษ์,^c2549
300    69 หน้า
650  7 ตั้งครรภ์^xวิจัย
650  7 วิทยาลัยพยาบาลบรมราชชนนี สวรรค์ประชารักษ์
650  7 ตั้งครรภ์^xการดำเนินชีวิต
650  7 ตั้งครรภ์^xเจตคติ
700 02 ยุพา ทิพย์อลงกต
700 02 สุดกัญญา ปานเจริญ
945    ^p0^l0^i033092
995    ทศพร
999 ^a ใช้งานได้ทุกระบบ
รายการนี้ยังไม่มีแท็ก
คุณยังไม่ได้ล็อกอิน คุณสามารถมีกิจกรรมร่วมกับเว็บไซต์ได้ แต่ต้องล็อกอินก่อน ::
  ล็อกอิน

รายการสื่อสารสนเทศ

ลำดับที่ ประเภท เลขเรียก/บาร์โค้ด สถานที่ สถานะ
1. งานวิจัย
งานวิจัย
วจ.WQ150 ร146ค ฉ.1 
  Barcode: 033092
ห้องสมุดวิทยาเขตสวรรค์ประชารักษ์
►วิจัย
บนชั้น

รายการใกล้เคียง
    ผู้แต่ง [รพีพรรณ วิบูลย์วัฒนกิจ]

    หัวเรื่อง [วิทยาลัยพยาบาลบรมราชชนนี สวรรค์ประชารักษ์]

BibComment


ยังไม่เคยถูกคอมเมนท์

คอมเมนท์ทรัพยากรรายการนี้
  คอมเมนท์: ความสัมพันธ์ระหว่..


 Copyright 2026. Bcnsprnw @Library